Information Technology Applications [International Journal]

Gespeichert in:
Bibliographische Detailangaben
Format: Schriftenreihe
Sprache:Englisch
Veröffentlicht: Bratislava Paneurópska vysoká škola 2020
Tags: Tag hinzufügen
Keine Tags, Fügen Sie das erste Tag hinzu!

MARC

LEADER 00000nas2a2200000 4500
001 0277361
005 20210721131759.5
022 |a 2453-7497 
041 0 |a eng 
044 |a SK 
245 1 0 |a Information Technology Applications  |b [International Journal] 
264 1 |a Bratislava  |b Paneurópska vysoká škola  |c 2020 
773 0 |w eu_un_cat*0149160